Catalog

Record Details

Catalog Search



Help the brave giraffe / written by Mitali ... Read More

Mahaney, Francesca,(illustrator.).

Available copies

  • 0 of 2 copies available at LARL/NWRL Consortium.

Current holds

0 current holds with 2 total copies.

Show Only Available Copies
Location Call Number / Copy Notes Barcode Shelving Location Status Due Date
Breckenridge Public Library EASY READER E R (Text) 33500014008999 Main Checked out 07/21/2026
Detroit Lakes Public Library EASY READER E R (Text) 33500014009005 Main Checked out 07/17/2026

Record details

  • ISBN: 9781338895018
  • ISBN: 133889501X
  • ISBN: 9781338895025
  • ISBN: 1338895028
  • Physical Description: 57 pages : color illustrations : 19 cm.
  • Edition: First edition.
  • Publisher: New York : Scholastic, Inc., 2024.

Content descriptions

Summary, etc.:
When a giraffe has tummy trouble, the Inside ... Read More
Target Audience Note:
Ages 5-7. Scholastic, Inc.
Grades K-1. Scholastic, Inc.
Subject: Giraffe > Juvenile fiction.
Stomach > Juvenile fiction.
Anatomy > Juvenile fiction.
Ability > Juvenile fiction.
Giraffes > Fiction.
Stomach > Fiction.
Anatomy > Fiction.
Ability > Fiction.
Genre: Action and adventure fiction.
Science fiction.
Picture books.
LDR 02583cam a22006738i 4500
001435808
003LARL_NWRL_CONSORTIUM
00520240604195231.0
008230403s2024 nyua b 000 1 eng
010 . ‡a 2023009652
040 . ‡aDLC ‡beng ‡erda ‡cDLC ‡dBDX ‡dOCLCO ‡dOCLCF ‡dHSA ‡dRNL ‡dTOH
020 . ‡a9781338895018 ‡q(paperback)
020 . ‡a133889501X
020 . ‡a9781338895025 ‡q(library binding)
020 . ‡a1338895028
020 . ‡z9781338895032 ‡q(ebk)
035 . ‡a(OCoLC)1374838982
042 . ‡apcc
08200. ‡a[E]
1001 . ‡aRuths, Mitali Banerjee, ‡eauthor.
24510. ‡aHelp the brave giraffe / ‡cwritten by Mitali Banerjee Ruths ; illustrated by Francesca Mahaney.
250 . ‡aFirst edition.
264 1. ‡aNew York : ‡bScholastic, Inc., ‡c2024.
300 . ‡a57 pages : ‡bcolor illustrations : ‡c19 cm.
336 . ‡atext ‡btxt ‡2rdacontent
336 . ‡astill image ‡bsti ‡2rdacontent
337 . ‡aunmediated ‡bn ‡2rdamedia
338 . ‡avolume ‡bnc ‡2rdacarrier
4900 . ‡aInside scouts ; ‡v2
521 . ‡aAges 5-7. ‡bScholastic, Inc.
521 . ‡aGrades K-1. ‡bScholastic, Inc.
520 . ‡aWhen a giraffe has tummy trouble, the Inside Scouts must go down a very long slide into the gut to find out what is stuck in the stomach. Includes fun facts about the guts.
650 0. ‡aGiraffe ‡vJuvenile fiction.
650 0. ‡aStomach ‡vJuvenile fiction.
650 0. ‡aAnatomy ‡vJuvenile fiction.
650 0. ‡aAbility ‡vJuvenile fiction.
650 1. ‡aGiraffes ‡vFiction.
650 1. ‡aStomach ‡vFiction.
650 1. ‡aAnatomy ‡vFiction.
650 1. ‡aAbility ‡vFiction.
655 7. ‡aAction and adventure fiction. ‡2lcgft
655 7. ‡aScience fiction. ‡2lcgft
655 7. ‡aPicture books. ‡2lcgft
7001 . ‡aMahaney, Francesca, ‡eillustrator.
77608. ‡iOnline version: ‡aRuths, Mitali Banerjee ‡tHelp the brave giraffe. ‡bFirst edition ‡dNew York : Scholastic, Inc., 2024 ‡z9781338895032 ‡w(DLC) 2023009653
901 . ‡a435808 ‡bOCoLC ‡c435808 ‡tbiblio ‡soclc

Additional Resources